000 00431nam a2200157Ia 4500
008 220204s9999 xx 000 0 und d
082 _a575.113
_bCAR
100 _aCARLSON, Elof Axel
245 0 _aGene theory
260 _aCalifornia
_bDickinson
_c1967
490 _aDickinson series on contemporary thought in biological science
650 _aGene function
650 _aGene structure
650 _aGene theory
942 _cBK
999 _c23607
_d23607